000 00661nam a2200193Ia 4500
003 GCL
008 140319s9999 xx 000 0 ara d
040 _aGCL /
_cGCL
082 0 4 _aق
_b953.08
_bا م
245 1 0 _aالمماليك والفرنج فى القرن التاسع الهجرى - الخامس عشر الميلادى
300 _a266 ص
490 _aالهيئة العامة للاستعلامات
_v0
650 0 4 _aدولة المماليك
650 0 4 _aالحروب الصليبية
650 0 4 _aالتاريخ
650 0 4 _aالفرنجة
650 0 4 _aالعالم العربى - تاريخ - عصر المماليك
942 _2ddc
_cBK
999 _c50079
_d50079